Corrosion engineering (Record no. 3984)

000 -LEADER
fixed length control field 00731nam a2200229 i 4500
001 - CONTROL NUMBER
control field 3984
003 - CONTROL NUMBER IDENTIFIER
control field BD-DhUET
008 - FIXED-LENGTH DATA ELEMENTS--GENERAL INFORMATION
fixed length control field 770810s1978 nyua b 001 0 eng
020 ## - INTERNATIONAL STANDARD BOOK NUMBER
International Standard Book Number
040 ## - CATALOGING SOURCE
Original cataloging agency DLC
Transcribing agency DLC
Modifying agency BD-DhUET
082 00 - DEWEY DECIMAL CLASSIFICATION NUMBER
Classification number 620.1122
Item number FON/1967
100 ## - MAIN ENTRY--PERSONAL NAME
Personal name Fontana, Mars G.
245 10 - TITLE STATEMENT
Title Corrosion engineering
250 ## - EDITION STATEMENT
Edition statement 2nd ed.
260 ## - PUBLICATION, DISTRIBUTION, ETC. (IMPRINT)
Place of publication, distribution, etc. New York
Name of publisher, distributor, etc. McGraw-Hill
Date of publication, distribution, etc. 1978
300 ## - PHYSICAL DESCRIPTION
Extent xiii, 465 p.
Other physical details ill.
Dimensions 24 cm.
490 0# - SERIES STATEMENT
Series statement Materials science and engineering series
504 ## - BIBLIOGRAPHY, ETC. NOTE
Bibliography, etc Includes bibliographies
650 #0 - SUBJECT ADDED ENTRY--TOPICAL TERM
Topical term or geographic name as entry element Corrosion - Engineering
700 ## - ADDED ENTRY--PERSONAL NAME
Personal name Greene, Norbert D.
942 ## - ADDED ENTRY ELEMENTS (KOHA)
Koha item type General Book
Holdings
Koha item type Damaged status Koha normalized classification for sorting Shelving location Piece designation (barcode) Sublocation or collection (holding branch) Lost status Koha date last seen Copy number Location (home branch) Source of classification or shelving scheme Koha issues (times borrowed) Withdrawn status Koha date last borrowed Date acquired Not for loan Price effective from Koha full call number
General Book 620_112200000000000_FON_1978Circulation section71357Central Library, BUET 2022-11-211Central Library, BUET 2 2022-09-132014-11-10 2014-11-10620.1122/FON/1978
General Book 620_000000000000000_1122FON197Circulation section71356Central Library, BUET 2022-10-012Central Library, BUET 3 2022-07-252014-11-12 2014-11-12620.1122/FON/1978
General Book 620_000000000000000_1122FON197Circulation section46427Central Library, BUET 2022-06-293Central Library, BUET 2 2022-06-152014-11-16 2014-11-16620.1122/FON/1978
General Book 620_112200000000000_FON_1978Circulation section29712Central Library, BUET 2014-11-294Central Library, BUET    2014-11-29 2014-11-29620.1122/FON/1978
Reading Item 620_112200000000000_FON_1967Reading section59780Central Library, BUET 2015-07-015Central Library, BUET    2015-07-01 2015-07-01620.1122/FON/1967
Rental Item 620_112200000000000_FON_1967Rental section59783Central Library, BUET 2024-11-24ক-৫Central Library, BUET    2024-11-24 2024-11-24620.1122 FON/1967
Rental Item 620_112200000000000_FON_1967Rental section59784Central Library, BUET 2024-11-24ক-৬Central Library, BUET    2024-11-24 2024-11-24620.1122 FON/1967
Rental Item 620_112200000000000_FON_1967Rental section59785Central Library, BUET 2024-11-24ক-৭Central Library, BUET    2024-11-24 2024-11-24620.1122 FON/1967
Rental Item 620_112200000000000_FON_1967Rental section59786Central Library, BUET 2024-11-24ক-৮Central Library, BUET    2024-11-24 2024-11-24620.1122 FON/1967